TNA / Impact Wrestling - Jeff Jarrett's PPV Opponents - Statistics

General Stats
  • This quiz has been taken 133 times
  • The average score is 67 of 82
Answer Stats
Year Event Match Type Answer % Correct
2004 Turning Point 6-Man Tag Team Match AJ Styles
99%
2005 Hard Justice AJ Styles
99%
2006 Lockdown 4 vs. 4 Lethal Lockdown Match AJ Styles
99%
2007 Lockdown 5 vs. 5 Lethal Lockdown Match AJ Styles
99%
2009 Slammiversary King of the Mountain Match AJ Styles
99%
2006 Sacrifice Tag Team Match Samoa Joe
94%
2006 No Surrender Fans Revenge Match Samoa Joe
94%
2009 Slammiversary King of the Mountain Match Samoa Joe
94%
2010 Turning Point Samoa Joe
94%
2010 Final Resolution Submission Match Samoa Joe
94%
2006 Final Resolution Tag Team Match Sting
94%
2006 Lockdown 4 vs. 4 Lethal Lockdown Match Sting
94%
2006 Sacrifice Tag Team Match Sting
94%
2006 Slammiversary King of the Mountain Match Sting
94%
2006 Hard Justice Sting
94%
2006 Bound for Glory Sting
94%
2009 Sacrifice 4-Way Ultimate Sacrifice Match Sting
94%
2010 Lockdown 4 vs. 4 Lethal Lockdown Match Sting
94%
2010 Sacrifice Sting
94%
2010 No Surrender Tag Team Match Sting
94%
2010 Bound for Glory 3-on-2 Handicap Match Sting
94%
2008 Bound for Glory Kurt Angle
93%
2009 Genesis No DQ Match Kurt Angle
93%
2009 Lockdown 4 vs. 4 Lethal Lockdown Match Kurt Angle
93%
2009 Sacrifice 4-Way Ultimate Sacrifice Match Kurt Angle
93%
2009 Slammiversary King of the Mountain Match Kurt Angle
93%
2011 Genesis Double J MMA Exhibition Match Kurt Angle
93%
2011 Against All Odds Kurt Angle
93%
2011 Lockdown Ultra Male Rules Match Kurt Angle
93%
2011 Sacrifice Mixed Tag Team Match Kurt Angle
93%
2011 Slammiversary Kurt Angle
93%
2006 Slammiversary King of the Mountain Match Abyss
91%
2007 Lockdown 5 vs. 5 Lethal Lockdown Match Abyss
91%
2004 Victory Road Ladder Match Jeff Hardy
91%
2004 Turning Point 6-Man Tag Team Match Jeff Hardy
91%
2011 Turning Point Jeff Hardy
91%
2011 Turning Point Impromptu Rematch Jeff Hardy
91%
2011 Final Resolution Steel Cage Match Jeff Hardy
91%
2009 Lockdown 4 vs. 4 Lethal Lockdown Match Kevin Nash
90%
2005 Against All Odds Kevin Nash
89%
2010 No Surrender Tag Team Match Kevin Nash
89%
2010 Bound for Glory 3-on-2 Handicap Match Kevin Nash
89%
2015 Slammiversary King of the Mountain Match Matt Hardy
89%
2006 Final Resolution Tag Team Match Christian Cage
84%
2006 Against All Odds Christian Cage
84%
2006 Slammiversary King of the Mountain Match Christian Cage
84%
2007 Lockdown 5 vs. 5 Lethal Lockdown Match Christian Cage
84%
2015 Slammiversary King of the Mountain Match Bobby Roode
83%
2010 Lockdown 4 vs. 4 Lethal Lockdown Match James Storm
83%
2007 Sacrifice Robert Roode
83%
2010 Lockdown 4 vs. 4 Lethal Lockdown Match Robert Roode
83%
2009 Lockdown 4 vs. 4 Lethal Lockdown Match Booker T
81%
2005 Bound for Glory Rhino
81%
2005 Genesis Rhino
81%
2005 Turning Point Rhino
81%
2006 Destination X 8-Man Tag Team Match Rhino
81%
2006 Lockdown 4 vs. 4 Lethal Lockdown Match Rhino
81%
2007 Lockdown 5 vs. 5 Lethal Lockdown Match Scott Steiner
80%
2009 Lockdown 4 vs. 4 Lethal Lockdown Match Scott Steiner
80%
2009 Sacrifice 4-Way Ultimate Sacrifice Match Mick Foley
76%
2009 Slammiversary King of the Mountain Match Mick Foley
76%
2015 Slammiversary King of the Mountain Match Eric Young
73%
2005 Final Resolution Monty Brown
71%
2005 Genesis Brother Ray
70%
2006 Destination X 8-Man Tag Team Match Brother Ray
70%
2005 Sacrifice Tag Team Match Raven
70%
2004 Turning Point 6-Man Tag Team Match Randy Savage
67%
2006 Destination X 8-Man Tag Team Match Ron Killings
67%
2006 Lockdown 4 vs. 4 Lethal Lockdown Match Ron Killings
67%
2006 Slammiversary King of the Mountain Match Ron Killings
67%
2005 Genesis Brother Devon
66%
2006 Destination X 8-Man Tag Team Match Brother Devon
66%
2005 Destination X Ringside Revenge Match Diamond Dallas Page
57%
2005 Lockdown 3 vs. 3 Lethal Lockdown Match Diamond Dallas Page
57%
2007 Lockdown 5 vs. 5 Lethal Lockdown Match Tomko
54%
2005 Lockdown 3 vs. 3 Lethal Lockdown Match BG James
53%
2011 Sacrifice Mixed Tag Team Match Chyna
53%
2005 Lockdown 3 vs. 3 Lethal Lockdown Match Sean Waltman
50%
2015 Slammiversary King of the Mountain Match Drew Galloway
41%
2010 Bound for Glory 3-on-2 Handicap Match D'Angelo Dinero
34%
2005 Sacrifice Tag Team Match Sabu
33%
2010 Lockdown 4 vs. 4 Lethal Lockdown Match Desmond Wolfe
30%
No matching quizzes found
Score Distribution
Percent of People with Each Score
Percentile by Number Answered
Your Score History
You have not taken this quiz